000 00613cam a2200217 4500500
005 20260329003302.0
041 _afre
042 _adc
100 1 0 _aNassif, Philippe
_eauthor
245 0 0 _aClaquer la porte de la civilisation ?
260 _c2015.
500 _a13
690 _aEnnui
690 _aLiberté
690 _aOisiveté
690 _aRepos
690 _aRobinson
690 _aSociété
786 0 _nPhilosophie magazine | 89 | 5 | 2015-05-01 | p. 43-43 | 1951-1787
856 4 1 _uhttps://shs.cairn.info/magazine-philosophie-magazine-2015-5-page-43?lang=fr&redirect-ssocas=7080
999 _c1823175
_d1823175